000 00712nam a2200253Ia 4500
003 OSt
005 20221007064846.0
006 a|||||r|||| 00| 0
007 ta
008 221006b |||||||| |||| 00| 0 eng d
024 _a30,255
037 _cTextual
040 _aFLL
_cFLL
_beng
041 _2eng
_aeng
082 _aD854(G:55):Z2, P1
100 _aDivan Shyam
_914366
245 0 _aEnvironmental law and policy in India
250 _a2nd
260 _aDelhi
_bOxford University Press India
_c2001
300 _axxxviii,837p
_ccm.
700 _a Rosencrabz Armin
_9686415
942 _hD854(G:55):Z2, P1
_cTEXL
_2CC
999 _c1135576
_d1135576